La educación en los barrios populares urbanos de América Latina /

Պահպանված է:
Մատենագիտական մանրամասներ
Հիմնական հեղինակ: Serafini, Oscar
Ձևաչափ: Տեքստ
Ցուցիչներ: Ավելացրեք ցուցիչ
Չկան պիտակներ, Եղեք առաջինը, ով նշում է այս գրառումը!

MARC

LEADER 00000 a a2200000 04500
001 16776
003
040
100 |a Serafini, Oscar  
245 |a La educación en los barrios populares urbanos de América Latina /  |c Oscar Serafini 
773 |g volumen 9, número 25; páginas 170-187  
999 |c 23382  |d 23382